Eutanázia
Elmentve itt :
| Szerző: | |
|---|---|
| Adatforrás: | Philobibl |
| Dokumentumtípus: | Könyv |
| Nyelv: | magyar |
| Kulcsszavak: | eutanázia orvosi etika halál |
| Megjelent: |
Budapest
Medicina
1997
|
| LEADER | 00355cam a2200145 c 4500 | ||
|---|---|---|---|
| 001 | bibPHI0041431 | ||
| 005 | 20200924124534.8 | ||
| 008 | 970925s1997 hu b 001 0 hun d | ||
| 100 | 1 | |a Blasszauer Béla | |
| 245 | 1 | 0 | |a Eutanázia |c Blasszauer Béla |
| 260 | |a Budapest |b Medicina |c 1997 | ||
| 300 | |a 281 p. | ||
| 695 | |a eutanázia | ||
| 695 | |a orvosi etika | ||
| 695 | |a halál | ||